000
00220nam a2200085 4500
001
1256387
005
20251227132058.0
245
_a
ALTIN IŞIK'TAN HALK MASALLARI
_c
KONYA BÜYÜKŞEHİR BELEDİYESİ
260
_b
KÜLTÜR A.Ş
999
_c
1256387
_d
1256387